Experiencia de los sagrado y tradiciones religiosas. Estudio de fenomenología de la religión
Guardado en:
| Autor principal: | |
|---|---|
| Formato: | Desconocido |
| Lenguaje: | inglés |
| Publicado: |
Estella(Navarra), España:
Verbo Divino,
2002
|
| Materias: | |
| Etiquetas: |
Agregar Etiqueta
Sin Etiquetas, Sea el primero en etiquetar este registro!
|
MARC
| LEADER | 00000 a2200000 4500 | ||
|---|---|---|---|
| 003 | CL-VaPUC | ||
| 005 | 20211216085336.0 | ||
| 008 | 201123b ||||| |||| 00| 0 eng d | ||
| 999 | |c 431787 |d 431785 | ||
| 020 | |a 9788481695007 | ||
| 040 | |c Pontificia Universidad Católica de Valparaíso | ||
| 082 | |a 291.1 CRO 2002 | ||
| 100 | |a Croatto, José Severino |9 856815 | ||
| 245 | |a Experiencia de los sagrado y tradiciones religiosas. |b Estudio de fenomenología de la religión | ||
| 260 | |a Estella(Navarra), España: |b Verbo Divino, |c 2002 | ||
| 300 | |a 613 páginas | ||
| 583 | |k Cristina Rojas |c 20201123 | ||
| 650 | |a Religión |x Filosofía |9 858345 | ||
| 650 | |a Religión |x Fenomenología |9 858346 | ||
| 852 | |a BIBCUR | ||
| 942 | |2 ddc |c BK | ||
| 952 | |0 0 |1 0 |2 ddc |4 0 |6 291_100000000000000_CRO_2002 |7 0 |8 A |9 576982 |a BIBTEO |b BIBTEO |d 2020-11-23 |e 3 |g 28674.00 |i 5578140 |o 291.1 CRO 2002 |p 5578140 |r 2024-01-18 |t 1 |v 28674.00 |w 2020-11-23 |y BK |k ICR | ||